000 00473nam a2200157 i 4500
001 24827
003 ES-MaACL
005 20230906153135.0
007 t|
008 021219s1970 sp ||||1| spa d
245 0 0 _aAntología de poesía hebrea moderna /
_cselección, traducción, introducción y notas de Ramón Díaz.
260 _aMadrid :
_bAguilar,
_c[1970]
300 _a308 p. ;
_c20 cm.
700 1 _aDíaz, Ramón.
_944152
852 _aES-MaACL
_jC-39782
_bR.73479
999 _c24827
_d24827